000 00556nam a2200229Ia 4500
008 170918s9999 xx 000 0 und d
020 _a9780545251884
050 _bK265 2009
100 _aKeene, Carolyn
245 _aClue crew :
245 _bApril fool's day /
245 _cCarolyn Keene ; illustrated by Macky Pamintuan.
260 _aNew York :
260 _bScholastic,
260 _c2009
300 _a86 pages :
300 _bcolored illustration ;
300 _c19cm.
440 _aNancy Drew ;
440 _v19
500 _a510
999 _c341609
_d341609